000 00681nam a2200229 i 4500
003 DO-SdBNP
005 20230622141446.0
007 ta
008 230622b1984 dr ac||| |||| 00| 0 spa d
040 _aDO-SdBNP
_bspa
_cBNPHU
_erda
082 4 _222
100 _943877
_aMiolán, Ángel,
_d1912-2010
245 1 3 _aEl perrede desde mi ángulo /
_cAngel Miolán
264 _aSanto Domingo :
_bLetras de Quisqueya,
_c1984.
300 _avolumen :
_bilustraciones, retratos ;
_c22 cm.
336 _2rdacontent
_atexto
_btxt
337 _2rdamedia
_asin mediación
_bn
338 _2rdacarrier
_avolumen
_bnc
590 _aInventariado, 2023/BT
910 _aBtavárez
942 _2ddc
_cLBS1
999 _c53903
_d53903